|
|
|
|
| LEADER |
00000nam a2200000Ii 4500 |
| 001 |
DIGTRINITA0008 |
| 003 |
NyNyDIG |
| 006 |
m o d |
| 007 |
cr ||||||||||| |
| 008 |
130901s2007 dr o 000 0 spa d |
| 020 |
|
|
|z 9789993439486
|
| 020 |
|
|
|z 9993439487
|
| 035 |
|
|
|a (OCoLC)888279557
|
| 040 |
|
|
|a DGITA
|b eng
|e pn
|c DGITA
|
| 050 |
1 |
4 |
|a P107 eBook
|
| 100 |
1 |
|
|a Byron, Juan.
|
| 245 |
1 |
3 |
|a El proceso de lectura :
|b [ensayo] /
|c Juan José Ayuso.
|
| 250 |
|
|
|a 1. ed.
|
| 264 |
|
1 |
|a Santo Domingo, República Dominicana :
|b Ediciones Librería la Trinitaria,
|c 2007.
|
| 300 |
|
|
|a 1 online resource (114 pages)
|
| 336 |
|
|
|a text
|b txt
|2 rdacontent
|
| 337 |
|
|
|a computer
|b c
|2 rdamedia
|
| 338 |
|
|
|a online resource
|b cr
|2 rdacarrier
|
| 504 |
|
|
|a Includes bibliographical references.
|
| 505 |
0 |
|
|a ntrodución -- Operaciones secuenciales -- Isotopías semánticas -- Nombre propio y sintagmas nominales definidos -- Comprensión -- Conclusión -- Bibliografía.
|
| 650 |
|
0 |
|a Language and languages.
|
| 650 |
|
0 |
|a Reading comprehension.
|
| 650 |
|
0 |
|a Reading (Elementary)
|
| 655 |
|
0 |
|a Electronic books.
|
| 791 |
2 |
|
|a Digitalia (Firm),
|e distributor.
|
| 793 |
0 |
|
|g Digitalia eBook Collection:
|a Librería la Trinitaria.
|
| 856 |
4 |
0 |
|3 Digitalia Hispánica
|u https://www.digitaliapublishing.com/a/6191/
|
| 910 |
|
|
|a Premium Collection: 2007-2012
|